000 00318nam a22001337a 4500
008 210223b ||||| |||| 00| 0 eng d
020 _a9780761504108
041 _aeng
080 _2612.39
_a612.39
100 _a10
101 _aNUT
245 _aEncyclopedy of Nutritional Supplements
_cMurray, M
942 _2udc
_cBK
999 _c55109
_d55109